Numeri da 1 a 250 - Statistics

Statistiche generali
  • Questo quiz è stato fatto 266 volte
  • Il punteggio medio è 174 su 250
Statistiche sulle risposte
NUMERI % Corretto
1
100%
2
99%
3
99%
4
99%
5
99%
6
99%
7
99%
8
99%
9
99%
10
98%
11
97%
12
97%
13
95%
14
95%
15
95%
16
95%
17
95%
18
95%
19
95%
20
95%
21
95%
22
95%
23
94%
24
93%
25
93%
26
93%
27
93%
28
93%
29
93%
30
93%
31
92%
32
92%
33
92%
34
92%
35
92%
36
92%
37
92%
38
92%
39
92%
40
92%
41
92%
42
92%
43
92%
44
92%
45
92%
46
92%
47
92%
48
92%
49
92%
50
91%
51
90%
52
90%
53
90%
54
90%
55
89%
56
88%
57
88%
58
88%
59
88%
60
88%
61
88%
62
88%
63
88%
64
88%
65
88%
66
88%
67
88%
68
88%
69
88%
70
88%
71
88%
72
88%
100
87%
73
87%
74
87%
75
87%
76
87%
77
87%
78
87%
79
87%
80
87%
81
87%
82
87%
83
87%
84
87%
85
87%
86
87%
87
87%
88
87%
89
87%
90
87%
91
87%
92
87%
93
87%
94
87%
95
87%
96
87%
97
87%
98
87%
99
87%
101
86%
102
86%
103
86%
104
85%
105
84%
106
82%
107
82%
108
81%
109
81%
110
80%
111
80%
112
79%
113
79%
114
79%
115
79%
116
79%
117
79%
118
79%
119
79%
120
79%
121
79%
122
79%
123
78%
124
78%
125
78%
126
77%
127
77%
128
77%
129
76%
130
76%
131
76%
132
76%
133
76%
134
76%
135
75%
136
75%
137
75%
138
75%
139
74%
140
73%
141
73%
142
73%
143
72%
144
72%
145
72%
146
72%
147
71%
148
71%
150
71%
149
70%
151
70%
152
70%
153
70%
154
69%
155
69%
156
69%
158
69%
159
69%
160
69%
157
68%
161
68%
162
68%
163
68%
164
67%
165
67%
166
67%
167
67%
168
67%
169
66%
170
66%
171
66%
172
65%
173
65%
174
65%
175
64%
176
64%
177
63%
178
63%
179
62%
180
62%
181
60%
182
58%
183
56%
184
56%
185
55%
186
54%
187
54%
188
54%
189
53%
190
53%
191
52%
192
50%
193
50%
194
50%
195
48%
196
48%
197
47%
198
47%
199
46%
200
45%
201
44%
202
43%
203
42%
204
41%
205
41%
206
41%
207
40%
208
39%
209
39%
210
38%
211
37%
212
37%
213
37%
214
35%
215
35%
216
34%
217
34%
218
33%
219
33%
220
32%
221
30%
222
29%
223
29%
224
28%
225
27%
226
27%
227
27%
228
25%
229
25%
230
24%
231
22%
232
22%
233
21%
234
20%
235
20%
236
20%
237
20%
238
20%
239
20%
240
20%
241
20%
242
18%
243
17%
244
16%
245
16%
246
15%
247
15%
248
14%
249
14%
250
14%
Nessun quiz corrispondente trovato
Distribuzione punteggi
Percentuale di utenti per punteggio
Percentile per numero di risposta
I tuoi punteggi nel tempo
Non hai fatto questo quiz